MDQL
is popping MORE tags! Check the
thread
!
Quizzes
Events
Quiz Creation
Community
Videos
Private Events
Remove Ads
Sign In
Join for FREE
Feedback
Dark Mode
Quiz Categories
Sports
Geography
Music
Movies
Television
Just For Fun
Miscellaneous
History
Literature
Language
Science
Gaming
Entertainment
Religion
Holiday
For Kids
Quiz Lab
Recent
Popular Today
Quiz Kudos Today
Editor Picks
Curator Picks
Quizzes by...
Day
Popularity
Type
Ratings
Length
Year
Community
Subscriptions
Recent Discussions
Orange Saloon
Badges
Playlists
Quests
Create
Leaderboards
Showdown
Live 5
Trivia Bingo
Activity
Puzzle Library
Sporcle Events
Private Events
Virtual Trivia
Globe League
Become a Host
Pub Owners
SporcleCon
Opinionation
Our Games
Videos
Blog
Mobile Apps
Partnerships
Remove Ads and Go Orange
Feedback
Sports
Athletes
MLB
NBA
NHL
NFL
Soccer
Sports Teams
WWE
NCAA
Football
Premier League
Basketball
Baseball
Hockey
Golf
Tennis
Cricket
Rugby
Auto Racing
Olympics
World Cup
Sports
Athletes
MLB
NBA
NHL
NFL
Soccer
Sports Teams
WWE
NCAA
Football
Premier League
Basketball
Baseball
Hockey
Golf
Tennis
Cricket
Rugby
Auto Racing
Olympics
World Cup
Random Quiz
Search Sporcle
×
Quiz Lab
Quiz Lab
Sports
Clickable
Select answers by clicking on text or image buttons
Select answers by clicking on text or image buttons
Clickable
Best Score? Go Orange.
Mountain East Conference Stats
Can you select the schools in the Mountain East Conference (NCAA DII) without clicking a wrong answer??
By
scottstreet35
2m
13 Questions
37 Plays
37 Plays
37 Plays
Comments
Comments
Give Quiz Kudos
Give Quiz Kudos
-
- Ratings
hide this ad
Minefield
Wrong answers will end the quiz
Wrong answers will end the quiz
Random Order
Randomize order of answers
Randomize order of answers
Replay
Link that replays current quiz
Next Quiz
Link to next quiz in quiz playlist
You Got
0%
They Got
Avg Score
63%
Avg Friend Score
Upgrade to see
Score Distribution
Jump to the score distribution portion of the page
Score
0/13
Timer
02:00
0
Plays Today
% Correct
???
75.7%
???
73%
???
73%
???
70.3%
???
67.6%
???
64.9%
???
62.2%
???
62.2%
???
62.2%
???
38.5%
???
32.4%
???
27%
???
21.6%
Quiz Playlist
Details
Report
Send in Message
Add To Playlist
Clickable:
Select answers by clicking on text or image buttons
Minefield:
Wrong answers will end the quiz
Random Order:
Randomize order of answers
Last Updated: Oct 26, 2021
Quiz Scoreboard
CHALLENGE
Sign Up to Join the Scoreboard
Show All
Scores
Hide
Comments
May contain spoilers
Recently Published
Holiday 10x10 Sorting Gallery
by lukepisani3
Holiday
15m
Two Season TV Shows II
by 123Four
Television
10m
Image Sorting: Flags VI
by Barbecue
Geography
2m
More to Explore
Quiz From the Vault
Featured Blog Post
14 Easter Pick-up Lines to Find Eggs With
hide this ad
You Might Also Like...
Tags
Clickable Quiz
NCAA Quiz
Conference
Division II
east
school
Today's Top Quizzes in Sports
Browse Sports
hide this ad
Today's Top Quizzes in Clickable
Browse Clickable
Top Contributed Quizzes in Sports
1
Les meilleurs buteurs des matchs entre le PSG et l’OM
2
Les entraîneurs de l'OM et du PSG au 21e siècle
3
2022 World Cup Stars
4
Players with Multiple 50 Home Run Seasons
5
Les joueurs passés par le PSG et l'OM
6
FIFA Club World Cup Champions
7
Top 10 NHL Goal Scorers of All Time
8
Criteria MLB: Left Handed Sluggers
9
Les joueurs passés par le LOSC et le RC Lens
10
2023 MLB Unique Player Accomplishments
Explore More
Trending Topics
Anime
Disney
NBA
Harry Potter
Marvel
Crossword
Kpop
Country
NFL
Soccer
WWE
The Office
Puzzle
Song
Pokémon
hide this ad
More By:
scottstreet35
Quiz
Plays
Rating
Category
Featured
Created
NFL 2020 First Round Draft Picks
3,862
3.60
Sports
Apr 24, 2020
NFL 2021 First Round Draft Picks
3,329
5.00
Sports
Apr 30, 2021
NFL 2022 First Round Draft Picks
2,191
3.50
Sports
Apr 28, 2022
Fast and Furious Character Matchup
1,503
5.00
Movies
May 4, 2020
NFL 2020 Second Round Draft Picks
698
5.00
Sports
Apr 24, 2020
Go to Creator's Profile
Score Distribution
Quiz Creator Spotlight
scottstreet35
Follow
Send a Message
Quizzes Created
-
Created Quiz Play Count
-
More By This Creator
Popular Quizzes Today
1
Find the US States - No Outlines Minefield
2
Colored Red Africa Blitz
3
Find the 'City' Movie
4
The Countries of the World
5
Find the US States
6
5x2 Blitz: Bands
7
Find the Countries of Europe - No Outlines Minefield
8
US States
More Sports Quizzes
Tigers Yearly Top 5 HR's
Quiz Lab
Trending Quizzes
Colored Red Europe Blitz I
Colored Red Europe Blitz II
Colored Red Africa Blitz II
Colored Red Europe Blitz III
Colored Red Africa Blitz III
Recently Updated
Odd Team Out - Big 4 Players
pecheneg
Quick Pick: 20 Twenties
pecheneg
March Madness Men's Triple Doubles
pecheneg
How Do You Spell That?
pecheneg
Godzilla Movies
pecheneg
Grab Bag: 4-10 Letters
pecheneg
2024 March Madness Bracket
pecheneg
Famous TV Couples
Peacemaker
Champions League XIs: Real Madrid
pecheneg
Largest US Cities 1790-2010
pecheneg
Trending Topics
NBA
Disney
Harry Potter
Kpop
Anime
Crossword
Marvel
NFL
Country
Soccer
Song
WWE
The Office
Puzzle
Pokémon
Your Account Isn't Verified!
In order to create a playlist on Sporcle, you need to verify the email address you used during registration. Go to your
Sporcle Settings
to finish the process.
Report this User
Report this user for behavior that violates our
Community Guidelines
.
Details:
Send Report
Go to the Sporcle.com Mobile Site →
Comments